[Event "Oregon Open"]
[Site "Chess.com"]
[Date "2020.09.07"]
[Round "6"]
[White "Valentin Razmov"]
[Black "Edward Li"]
[Result "1-0"]
[WhiteElo "1986"]
[BlackElo "1595"]
[Annotator "Valentin Razmov"]
[PlyCount "49"]
[EventDate "2020.09.05"]
[EventType "swiss"]
[EventRounds "6"]
[TimeControl "5400+30"]

{[%evp 0,49,25,26,13,-23,2,0,6,-5,-6,-9,25,25,28,45,48,16,18,8,10,15,29,28,30,
28,44,-7,-17,-22,140,147,121,136,136,49,55,62,71,93,578,649,740,714,787,787,
787,805,805,412,29997,29998]} 1. d4 d5 2. c4 e6 3. Nc3 Nf6 4. cxd5 {The
exchange variation of Queen's Gambit Declined is not without teeth for either
side, as this game illustrates.} exd5 5. Bg5 Be7 6. e3 c6 7. Bd3 O-O 8. Qc2 h6
9. Bh4 Be6 {The more popular plan for black is to put a knight on this square,
via Nb8-Nd7-Nf8-Ne6, combined with ...Re8.} (9... Nbd7 10. Nge2 Re8 11. f3 c5
12. O-O Nf8 13. Rad1 c4 14. Bf5 Bxf5 15. Qxf5) 10. Nge2 {One of two main plans
for white, intended to include f3+e4 for central dominance. Hence the knight
avoids the f3 square, making room for the f-pawn. In turn, black has to decide
when to play the pawn break ...c6-c5.} Nbd7 11. O-O (11. Nf4 $5 {has the idea
of weakening the light squares around the black king, while enjoying the
advantage of a bishop pair. I considered this seriously, but decided to stick
to my original plan, rather than be distracted away by \"side attractions.\"}
Bd6 12. Nxe6 fxe6) 11... Rc8 12. f3 Qc7 13. e4 $2 {Consistent with the overall
idea, but the timing is wrong. White converts one weakness into another - now
the d4-pawn becomes weak. Due to a miscalculation, I hadn't foreseen Black's
strong defense and upcoming counterplay. Suddenly the calm maneuvering game
becomes loaded with tactical opportunities.} (13. Rae1 {would have been a
logical continuation.}) ({Note that} 13. Rac1 $2 {intending to fortify the
queen on c2 in preparation for an upcoming ...c6-c5 would be a subtly hidden
tactical mistake: Black has} Ng4 $1 {, winning a pawn by taking advantage of
several weaknesses at once in white's position: the hanging or ill-defended
pawns on e3 and h2, and the bishop on h4. A knight jump to remember!}) 13...
dxe4 (13... c5 $2 {would lose material to} 14. e5) 14. fxe4 c5 $2 ({Remember
that knight jump idea from two moves ago?} 14... Ng4 {It's easier to spot now 
(at least the knight is not en prise on g4), and while it doesn't win a pawn
on e3 any more, it helps to put pressure against the newly weakened d4-pawn.
Both players apparently missed that detail.} 15. Bg3 Qb6 {Underscoring the
weakness of white's dark squares around the center... Black is threatening the
...Ne3 fork, but also the pawn thrust ...c6-c5-c4, sometimes with a discovered
check.} 16. Qd2 Bg5 17. Bf4 Bxf4 18. Rxf4 (18. Qxf4 $6 c5) 18... Rfd8 {⩱})
15. e5 {Once you've lit the fire, the only way out is through!} cxd4 16. exf6 {
[#Diagram Position after 16.exf6]} Nxf6 $1 {This is the move I had missed from
my calculation vantage point at move 13. The automatic recapture 16...dxc3?
obviously leads to a White win. White is now - unexpectedly - up a piece, but
the knight on c3 is pinned and cannot escape.} (16... Bxf6 $6 17. Bxf6 Nxf6 18.
Nxd4 Ng4 19. Nf3 Ne3 20. Qf2 Nxf1 21. Rxf1 {and White will have successfully
made it through the scary moments, arriving at a pleasant endgame position.})
17. Bxf6 $1 {Realizing that the game can turn on its head if another
miscalculation happens, I spent many minutes evaluating variations here. It
became clear that the position requires to eliminate, once and for all,
Black's attacking possibilities associated with ...Ng4. There was simply no
other safe way forward.} ({In contrast, after my pre-planned move} 17. Nxd4 $6
{, Black has that same knight jump idea:} Ng4 18. Bg3 Qb6 19. Rf4 Bc5 20. Bf2
Nxf2 21. Qxf2 Rcd8 22. Nce2 Qxb2 {and White barely hangs on to the pinned
knight. Who would want to play this position as White, and who could be
confident that Black can't somehow win that knight - and with it the game -
after all! Especially after the earlier miscalculation, I was not willing to
take additional calculation risks.}) 17... gxf6 $2 {A surprise, played
surprisingly quickly... Black voluntarily weakens his king's position, without
forcing White to give up the exchange (on f6) for that. This immediately felt
like a mistake, giving me wings (tactically and psychologically) for the rest
of this game.} (17... Bxf6 {was the main, and sound, alternative.} 18. Rxf6 {
Practically forced and planned upfront.} ({If} 18. Ne4 $2 Qxc2 19. Bxc2 Rxc2
20. Nxf6+ gxf6 21. Nxd4 Rxb2 22. Rxf6 Rxa2 23. Rxa2 Bxa2 24. Rxh6 {, the
resulting position would be a losing endgame for White due to Black's two
connected queen-side passers and the presence of the long-range bishop.}) 18...
gxf6 19. Nxd4 Qb6 20. Qf2 Rfd8 21. Nce2 Bg4 {Here White would have to find} 22.
Bf5 ({or} 22. Nf5)) {with approximate equality.} 18. Qd2 $1 {Getting out of
the pin with tempo and winning a crucial pawn on the next move. I could not
ask for more!} dxc3 19. Qxh6 Qc5+ $4 {Move order often matters a lot. In this
position too! Black has seen the correct defense ...f6-f5, but adding this
queen check spoils it.} (19... f5 {was an only move.} 20. Rf3 ({Neither} 20.
Bxf5 $4 Qb6+ 21. Kh1 Bxf5 22. Qxb6 axb6 23. Nxc3 Be6 {-+}) ({nor} 20. Rxf5 $4
Bxf5 21. Bxf5 Qc5+ 22. Kh1 Qxf5 {-+ would work for White, spectacular as they
may look at first. The black queen's options for double-attack checks on b6 or
c5 prevent these sacrificial White moves.}) 20... cxb2 21. Rd1 {This is a good
moment to pause and look for Black's \"only move\" to stay in the game.} Bc4 $1
{An important in-between move, allowing black to exchange queens and thus
reduce the pressure on their own king.} 22. Bxc4 Qb6+ 23. Qxb6 axb6 24. Bd3 {
± White would still have a long technical endgame ahead, though thankfully
playing for only two results now. Plus, endgames are fun and I would have
enjoyed it.}) 20. Kh1 f5 21. Rf3 {A textbook rook lift and suddenly the game
is over. There are too many mating threats to try to prevent.} ({Interestingly,
} 21. Rf4 {would have worked too, as the threat of Rg4+ and Qh7# cannot be
adequately defended against.}) 21... Qe5 22. Rg3+ Qxg3 23. Nxg3 cxb2 24. Rf1
Rc6 (24... f6 {would not change the end result after} 25. Qg6+ Kh8 26. Nxf5 {+-
}) 25. Nh5 {Valentin Razmov won by resignation} 1-0

[Event "Oregon Open (U2000)"]
[Site "Chess.com"]
[Date "2020.09.07"]
[Round "5"]
[White "Wang, Felicity"]
[Black "Shapiro, Michael"]
[Result "0-1"]
[WhiteElo "1667"]
[BlackElo "1502"]
[Annotator "Michael Shapiro"]
[PlyCount "54"]
[EventDate "2020.09.05"]
[EventType "swiss"]
[EventRounds "6"]

1. e4 e5 2. Nf3 Nc6 3. Bb5 {I expected my opponent to play the Ruy Lopez
against me.} Nd4 {I studied this move for a bit and wanted to surprise my
opponent.} 4. Nxd4 exd4 5. Bc4 h5 6. d3 (6. O-O {here is more commonly played.
For example:} Bc5 7. c3 c6 8. cxd4 Bxd4 9. Nc3 d6 10. d3 Nf6 11. Be3 Bxe3 12.
fxe3 d5 13. exd5 cxd5 14. Bb5+ Kf8 15. Qd2 Qb6 16. Rf4 Be6 {(Alexander
Morozevich - Evgeniy Najer)}) 6... Bc5 7. Nd2 c6 8. f4 $6 ({I was very
surprised to see this move happen on the board. From all the games that I have
seen, White usually castles here.} 8. O-O d6 (8... d5 9. Bb3 Nf6 10. Qe2 Bg4
11. Nf3 Qe7 12. Bg5 dxe4 13. dxe4 O-O-O 14. h3 Rde8 15. Rfe1 Qxe4 16. Qxe4 Nxe4
17. Bxf7 d3 {(Vladimir Belov - Evgeniy Najer)}) 9. Nf3 Bg4 10. h3 Bxf3 11. Qxf3
Qf6 12. Qd1 Ne7 13. Bd2 a5 14. a3 a4 15. Qe2 O-O-O {(Emil Anka - Tamas Ruck).})
8... Qh4+ $6 ({In this game, I played 8...Qh4?! to do ...Qh3 and stop White
from castling. I did not realize that my queen would be misplaced there.
Stronger here was} 8... d5 9. exd5 cxd5 10. Bb5+ Kf8 {.}) 9. g3 Qh3 10. Qe2 ({
If} 10. Qf3 $6 d6 11. Qf1 h4 12. Qxh3 Bxh3 {and I am doing just fine here.})
10... b5 $6 {The idea behind this was to force the bishop to go to b3 and play
12...Bb4 pinning the knight to the king and not allowing hte knight to go to
f3.} ({Interesting here is} 10... Kf8 $5 {preparing the idea of ...h4 and then
...d5} 11. Nf3 d5 $1 12. Ng5 (12. Ng1 $6) (12. exd5 $2 Bg4 13. Ng5 Bxe2 14.
Nxh3 Re8 {and this is good for me.}) 12... Qd7 13. exd5 cxd5 14. Bb3 h4 15. g4
Qxg4 16. Qxg4 Bxg4 17. Bxd5 Re8+ 18. Kf1 (18. Kf2 $2 Re2+ {and then ...Rxc2.})
18... Bb4 {.}) 11. Bb3 Bb4 {I was happy here that the knight now cannot go to
f3 and then to g1 kicking my queen out. However, I wasn't happy about the fact
that my knight on g8 and bishop on c8 are not working. A move like 11...Kf8 is
still possible here.} 12. a3 Ba5 ({If} 12... Bxd2+ {then} 13. Bxd2 {and White
has better pieces than mine.}) 13. Ba2 b4 $2 {I played this move to stop White
from playing b4 so that I can keep the knight pinned to the king. But I never
ealized that I can lose a pawn this way. There is an interesting idea of
playing} (13... d5 $5 14. exd5+ Kf8 15. dxc6 Bg4 {and then ...Re8.}) 14. Nb3 {
I was a little discouraged to see this move on the board. However, not only is
White's knight not gong to go to f3, most of his pieces are on the queenside
of the board. It will take some time for White to make all of his pieces work.}
Bb6 15. axb4 Nf6 {Finally my knight comes into the game.} 16. Qf1 Qg4 17. Rg1
d5 (17... h4 $2 {fails because of} 18. h3 $1 Qg6 (18... Qe6 $4 19. Nxd4) (18...
Qh5 19. g4 {.})) 18. e5 Qe6 19. Qe2 Ng4 20. Rh1 $2 {I was very surprised to
see this move. In the game, I expected my opponent to do} (20. h3 Ne3 (20...
Nh6 21. Qxh5) 21. Bxe3 dxe3 22. d4 {After my opponent played 20.Rh1?, I felt
that I still had a chance to win the game.}) 20... h4 21. Qg2 f6 22. h3 fxe5 $1
{I was very proud of this move.} 23. hxg4 $4 {Because of this move, I won the
game quickly. White should have done} (23. f5 Qxf5 24. hxg4 Qxg4 {with kind of
a bad position (especially because of that h-pawn that I have) but it's still
a game.}) 23... exf4+ {My pawns are too strong and his king is open.} 24. Kf1 (
{If} 24. Qe2 {then} Qxe2+ 25. Kxe2 Bxg4+ 26. Kf1 fxg3 {and one of those pawns
will promote.}) 24... fxg3 25. Bd2 O-O+ $1 {What a fun little check!} 26. Kg1
Rf2 27. Qh3 Rxd2 {Whie resigned because ...Qe3+ is unstoppable.} 0-1

[Event "Oregon Open (U1600)"]
[Site "Chess.com"]
[Date "2020.09.06"]
[Round "4"]
[White "Li, Emma"]
[Black "Malakar, Saarthak"]
[Result "0-1"]
[WhiteElo "1342"]
[BlackElo "1270"]
[Annotator "Saarthak Malakar"]
[PlyCount "108"]
[EventDate "2020.09.05"]
[EventType "swiss"]
[EventRounds "6"]

{[%evp 0,108,19,38,40,41,78,56,34,25,42,45,46,30,48,11,27,27,18,-13,-5,3,-18,
-18,-16,-40,-44,-47,4,8,13,7,0,-8,17,0,4,-4,0,6,2,9,2,0,15,9,8,10,12,10,21,0,0,
2,9,2,28,-6,32,32,54,-7,-9,-11,-11,-20,-23,-14,-10,-21,-19,-20,-7,0,1,10,-7,
-23,-26,0,12,10,2,0,0,0,0,-43,-11,-32,-52,-95,-43,-85,-86,-83,-88,-87,-87,-87,
-88,-99,-99,-100,-109,-105,-109,-109,-87,-87,-87] This was indeed a tactical
game and I loved it!} 1. e4 c5 2. Nf3 a6 {Normal O’Kelly System.} 3. d4 cxd4
4. Nxd4 Nf6 5. Nc3 e5 6. Nf3 Bb4 7. Bd2 O-O 8. Bd3 d6 9. O-O {Now the
middlegame is reached.} Nbd7 10. a3 Bxc3 {Here I wanted to take the knight
because then I play ...Nc5 which gets an active knight.} 11. Bxc3 Nc5 {In this
position, White has a bishop pair. By looking we can state that White’s
black bishop is better than White’s white bishop. Trading off the knight for
the white bishop would be useless. So, I planned to trade my knight for the
white bishop, and then I have a good bishop and a knight.} 12. Re1 Na4 13. Qd2
Nxc3 14. Qxc3 Be6 {Here you can see that Black’s bishop is pretty good
whereas White’s bishop is not that good. It can be referred to as a “tall
pawn” where the bishop is doing nothing but just standing there like a pawn.}
15. Rad1 Rc8 16. Qd2 b5 17. Ng5 {Here, I have two choices: ...Bd7 and ...Bg4. .
..Bd7 does nothing, just a retreat, so that’s why I thought ...Bg4 was
better; turns out both of them were okay.} Bg4 18. Be2 Bxe2 {I was forced to
trade here because if I did ...Be6, she would have traded her knight for my
awesome bishop. The other option ...Bd7 just loses a pawn by Qxd6.} 19. Rxe2 h6
20. Nf3 Qc7 21. c3 {This position seems clearly equal to me. I thought it
would be a draw.} Rfe8 {A fun trap, Qxd6 loses to ...Red8. But I was pretty
sure my opponent was going to see it. Note that this trap only because of the
rook on e2. If it was on e1 instead of e2, it wouldn’t have worked.} 22. Ree1
{Now it doesn’t.} Red8 23. Qe2 Qb7 24. h3 Nh5 25. g3 Nf6 26. Nh4 g6 27. Ng2
Kg7 28. Rd3 Rc4 29. f3 {Still clearly a draw. Here I tried an interesting idea
of ...d5 followed by ...e4.} d5 30. exd5 e4 {I get my pawn back anyways.} 31.
Rdd1 {In the game, I calculated that 31.fxe4 is a bad move because of ...Rxe4
where my pieces are really active.} Rxd5 32. Rxd5 Qxd5 33. Ne3 {You might
think Black’s losing here but it is actually not.} Qd6 34. Qf2 {If Nxc4, ...
Qxg3+, that’s why Black isn’t losing.} Rc8 {Retreating my rook.} 35. Rd1
Qc6 $6 {You might prefer ...Qe6 and say ...Qc6 is an inaccuracy. Even an
engine might prefer the same, but I played differently.} 36. f4 Re8 37. f5 g5 {
I still thought this is a draw because both White and Black had no attack.} 38.
g4 Qc7 39. Qh2 Qxh2+ 40. Kxh2 {Just traded off my queens, seeing that I
couldn’t do anything more.} h5 41. Kg3 hxg4 42. hxg4 Rh8 43. Nd5 $2 {The key
moment of the game and for White, this is a critical mistake. I was really
hoping for this move because, after Rxd5, I have ...Rh1, penetrating into
White’s camp.} Nxd5 44. Rxd5 Rh1 45. Re5 Rb1 {After the game, when I was
analyzing, I saw that the engine suggested ...Rg1+ for Black but I played
differently. I just went with normal attacking play.} 46. Rxe4 Rxb2 47. a4 Rb3
48. Kf2 Rxc3 49. axb5 axb5 50. Rb4 Rc5 {...Rc4 also works here, threatening to
take the last two pawns by Rxg4 followed by ...Rf4+ and ...Kf6.} 51. Ke3 Kf6
52. Kf3 Rc3+ 53. Ke2 Rc4 $1 {Finally found that idea in the game.} 54. Rxb5
Rxg4 {It’s clearly losing for White here because the last pawn is going to
fall and rook and two pawns versus rook should be an easy win for me. It was
indeed a nice and tactical experience.} 0-1